000 00578nam a2200205 i 4500
001 92705
003 ES-MaACL
005 20250813014535.0
007 t|
008 050419s1976 fr a |||| | fre d
020 _a2-7370-0090-4
080 _a7.01(035.8)"17"
100 1 _aDiderot, Denis,
_d1713-1784
_944511
245 1 0 _aOeuvres esthétiques /
_cDiderot.
260 _aParis :
_bGarnier,
_c[1976]
300 _aXL, 845 p. :
_bil. ;
_c19 cm.
650 4 _aEstética-
_xObras anteriores a 1800.
_912538
852 _aES-MaACL
_jE-10998
999 _c92705
_d92705